General studies 2012 for civil services preliminary examination paper-II / (Record no. 60977)

MARC details
000 -LEADER
fixed length control field 01018nam a22002657a 4500
005 - DATE AND TIME OF LATEST TRANSACTION
control field 2012011600140.0
008 - FIXED-LENGTH DATA ELEMENTS--GENERAL INFORMATION
fixed length control field 120116t xxu||||| |||| 00| 0 eng d
010 ## - LCCN (DPL NO)
LC control number ENG-104742
020 ## - INTERNATIONAL STANDARD BOOK NUMBER
International Standard Book Number 9780071332118
Terms of availability 650.00
020 ## - INTERNATIONAL STANDARD BOOK NUMBER
International Standard Book Number 0071332111
Terms of availability 650.00
035 ## - SYSTEM CONTROL NUMBER
System control number EN-88275
037 ## - SOURCE OF ACQUISITION
Source of stock number/acquisition DBAD/PUB
040 ## - CATALOGING SOURCE
Original cataloging agency DPL
Language of cataloging Eng
082 ## - DEWEY DECIMAL CLASSIFICATION NUMBER
Classification number 000
100 ## - MAIN ENTRY--PERSONAL NAME
9 (RLIN) 39292
245 00 - TITLE STATEMENT
Title General studies 2012 for civil services preliminary examination paper-II /
Statement of responsibility, etc by Arun Sharma...[et al]
260 ## - PUBLICATION, DISTRIBUTION, ETC. (IMPRINT)
Place of publication, distribution, etc New Delhi
Name of publisher, distributor, etc Tata McGraw-Hill
Date of publication, distribution, etc c2012
270 ## - ADDRESS
Address 7 West Patel Nagar
City New Delhi
Postal code 110001
300 ## - PHYSICAL DESCRIPTION
Extent various pagings
Dimensions 27cm(pbk)
490 ## - SERIES STATEMENT
Series statement Tata McGraw Hill's winning edge series
-- 1235
700 ## - ADDED ENTRY--PERSONAL NAME
Personal name Sharma, Arun
9 (RLIN) 39293
942 ## - ADDED ENTRY ELEMENTS (KOHA)
Source of classification or shelving scheme Dewey Decimal Classification
Item type English Books
Call number suffix GEN
Classification part 000
Holdings
Withdrawn status Lost status Source of classification or shelving scheme Damaged status Not for loan Collection code Home library Current library Date acquired Source of acquisition Cost, normal purchase price Total Checkouts Full call number Barcode Date last seen Copy number Cost, replacement price Koha item type
    Dewey Decimal Classification   Not For Loan Non-fiction D.B.Act.Division D.B.Act.Division 16/01/2012 DBAD/PUB 650.00   000 GEN EN-88275 16/01/2012 1 650.00 English Books

© Delhi Public Library
Hit Counter
free hit counter